Visión del trabajo docente desde la óptica de un sistema de enseñanza a distancia: el caso de Costa Rica
Gespeichert in:
| Format: | Buch |
|---|---|
| Sprache: | Spanisch |
| Veröffentlicht: |
San José
Universidad Estatal a Distancia
1985
|
| Schlagworte: | |
| Tags: |
Tag hinzufügen
Keine Tags, Fügen Sie den ersten Tag hinzu!
|
MARC
| LEADER | 00000nam a2200000 a 4500 | ||
|---|---|---|---|
| 001 | UCW6289 | ||
| 003 | CL-VaPUC | ||
| 008 | 911119e19850000CR |||||||||||||||||spa|d | ||
| 082 | 0 | 4 | |a 374.4 |b VIS |2 21 |
| 245 | 1 | 0 | |a Visión del trabajo docente desde la óptica de un sistema de enseñanza a distancia: el caso de Costa Rica |
| 300 | |a 23 p | ||
| 942 | |c BK | ||
| 945 | |d 19911119 00:00:00 | ||
| 260 | |a San José |b Universidad Estatal a Distancia |c 1985 | ||
| 650 | 0 | |a Educación a distancia |9 308343 | |
| 651 | 0 | |a Costa Rica |9 225304 | |
| 583 | |a last modification |c 19911119 00:00:00 |k Rodrigo Vera | ||
| 999 | |c 219407 |d 219405 | ||
| 952 | |0 0 |1 0 |4 0 |6 374_400000000000000_VIS_1985 |7 0 |8 P |9 210315 |a BIBEDU |b BIBEDU |c BIBEDU_PB |d 2019-11-15 |i 2783924 |o 374.4 VIS 1985 |p 2783924 |r 2024-01-25 |w 2019-11-15 |y BK |k EDU | ||